Revolutionary Gandhi (Record no. 15084)

MARC details
000 -LEADER
fixed length control field 00599nam a2200241 a 4500
020 ## - INTERNATIONAL STANDARD BOOK NUMBER
ISBN 9788185861425
082 00 - DEWEY DECIMAL CLASSIFICATION NUMBER
Classification number 923.2
Author Cutter DAS
100 ## - MAIN ENTRY--AUTHOR NAME
Author name Dasgupta, Pannalal
245 ## - TITLE STATEMENT
Title Revolutionary Gandhi
260 ## - PUBLICATION, DISTRIBUTION, ETC. (IMPRINT)
Place of publication Kolkata, India
Name of publisher Earthcare Books
Year of publication 2012
300 ## - PHYSICAL DESCRIPTION
Number of Pages 490p
500 ## - GENERAL NOTE
General note includes index and biblioraphy
505 2# - FORMATTED CONTENTS NOTE
Formatted contents note Epilogue, Index
650 ## - SUBJECT ADDED ENTRY--TOPICAL TERM
Topical Term Gandhi M K
942 ## - ADDED ENTRY ELEMENTS (KOHA)
Koha item type Books
700 1# -
-- Dasgupta, Pannalal
Holdings
Collection code Home library Current library Date acquired Cost, normal purchase price Full call number Accession Number Koha item type
  Henry Martyn Institute Library Henry Martyn Institute Library 11/07/2012 395.00 923.2 DAS 023963 Books
                   Copyright © 2026 | Henry Martyn Institute | Hyderabad | TS-500052 | INDIA | Implemented by hmi.edu.in
Hit-Count:

Powered by Koha